[Event "Doha Ramadan op"]
[Site "Doha"]
[Date "2024.03.22"]
[Round "9"]
[White "Allen, Varghese"]
[Black "Dimitriu, Cristian"]
[Result "1-0"]
[WhiteElo "1626"]
[BlackElo "1881"]
[PlyCount "55"]
[EventDate "2024.03.14"]
[EventType "swiss"]
[EventRounds "9"]
[EventCountry "QAT"]
[SourceTitle "CB15_2024"]
[SourceDate "2024.04.10"]
[SourceVersion "1"]
[SourceVersionDate "2024.04.10"]
[SourceQuality "1"]

1. e4 c5 2. Nc3 g6 3. g3 Bg7 4. Bg2 Nc6 5. d3 d6 6. Be3 Nd4 7. f4 e6 8. Nf3 Ne7 9. 0-0 0-0 10. Rb1 d5 11. Ne2 Nxe2+ 12. Qxe2 b6 13. g4 dxe4 14. dxe4 Bb7 15. Nh4 Nc6 16. Qf2 Nb4 17. Rbd1 Qe7 18. c3 Nc6 19. f5 Bf6 20. g5 Be5 21. f6 Qc7 22. Nf3 Bf4 23. e5 Bxe5 24. Qh4 h5 25. gxh6 Bd6 26. h7+ Kh8 27. Qh6 Rg8 28. hxg8Q+ 1-0